Polymer rheology /

Guardado en:
Autor Principal: Nielsen, Lawrence E.
Formato: Libro
Idioma:English
Publicado: New York : M. Dekker, c1977.
Materias:
Etiquetas: Agregar Etiqueta
Sin Etiquetas, Sea el primero en etiquetar este registro!
LEADER 00628cam a22002055a 4500
001 EIQ.libpla003708
008 770613s1977####nyua#####b####001#0#eng#d
005 20080304165321.0
245 1 0 |a Polymer rheology /  |c Lawrence E. Nielsen. 
260 |a New York :  |b M. Dekker,  |c c1977. 
300 |a x, 203 p. :  |b il. ;  |c 24 cm. 
504 |a Incluye referencias biliográficas e índice. 
020 |a 0824766571 
100 1 |a Nielsen, Lawrence E. 
082 0 0 |a 668 
650 4 |a Polímeros  |x Reología. 
650 4 |a Polymers  |x Rheology. 
010 |a  77024187  
040 |a DLC  |c DLC  |d AR-BbSID 
859 |a AR-BbSID  |b BIB. PLAPIQUI  |h 668.9  |i N 55  |p 1261